Państwa z największym wzrostem populacji do 2050 roku - Statystyki

Ogólne statystyki
  • Ten quiz został rozwiązany 27 razy
  • Średni wynik to 23 z 39
Statystyki odpowiedzi
Miejsce 2024 2050 Wzrost Państwo % Poprawnych
1. 1 441 719 852 1 670 490 596 +228,7M INDIE
100%
35. 217 637 297 230 885 725 +13,2M BRAZYLIA
86%
8 28 238 972 67 043 296 +38,8M NIGER
86%
7. 114 484 252 160 339 889 +45,8M EGIPT
81%
2. 229 152 217 377 459 883 +148,3M NIGERIA
81%
36. 61 020 221 73 529 753 +12,5M REPUBLIKA POŁUDNIOWEJ AFRYKI
81%
4. 105 625 114 217 494 003 +111,8M DEMOKRATYCZNA REPUBLIKA KONGA
76%
5. 129 719 719 214 812 309 +85,0M ETIOPIA
76%
11. 279 798 049 317 225 213 +37,4M INDONEZJA
76%
19. 46 523 657 74 515 140 +27,9M IRAK
76%
14. 341 814 420 375 391 963 +33,5M STANY ZJEDNOCZONE
76%
26. 18 847 148 36 452 035 +17,6M CZAD
71%
3. 245 209 815 367 808 468 +122,5M PAKISTAN
71%
17. 56 203 030 85 211 739 +29,0M KENIA
67%
32. 18 221 567 32 562 869 +14,34M SENEGAL
67%
12. 49 358 228 84 494 269 +35,1M SUDAN
67%
15. 43 372 950 74 075 234 +30,7M AFGANISTAN
62%
13. 37 804 634 72 328 068 +34,5M ANGOLA
62%
21. 29 394 433 51 279 560 +21,8M KAMERUN
62%
24. 35 219 853 55 296 331 +20,0M JEMEN
57%
31. 129 388 467 143 772 364 +14,38M MEKSYK
57%
18. 34 858 402 63 044 497 +28,1M MOZAMBIK
57%
6. 69 413 073 129 931 520 +60,5M TANZANIA
57%
34. 46 278 751 60 001 113 +13,7M ALGIERIA
52%
16. 174 701 211 203 904 900 +29,2M BANGLADESZ
52%
9. 119 106 224 157 891 622 +38,7M FILIPINY
52%
29. 21 134 695 37 460 435 +16,3M ZAMBIA
52%
38. 37 473 929 48 374 543 +10,9M ARABIA SAUDYJSKA
48%
23. 31 056 610 51 592 965 +20,5M MADAGASKAR
48%
20. 24 015 789 47 439 802 +23,4M MALI
43%
25. 18 706 922 36 462 830 +17,7M SOMALIA
43%
33. 24 348 053 38 306 374 +13,9M SYRIA
43%
10. 49 924 252 87 622 081 +37,6M UGANDA
43%
22. 29 603 302 51 358 243 +21,7M WYBRZEŻE KOŚCI SŁONIOWEJ
43%
27. 34 777 522 52 231 785 +17,4M GHANA
38%
30. 21 745 962 37 159 300 +15,4M MALAWI
38%
28. 23 840 247 40 541 548 +16,7M BURKINA FASO
33%
39. 13 591 657 24 208 671 +10,6M BURUNDI
19%
37. 14 080 072 25 264 035 +11,1M BENIN
10%
Nie znaleziono quizów pasujących do podanych kryteriów
Rozkład punktacji
Procent ludzi z każdym wynikiem
Percentyl według liczby udzielonych odpowiedzi
Twoja historia wyników
Nie rozwiązałeś tego quizu